<?xml version="1.0" encoding="UTF-8"?>
<record
    xmlns:xsi="http://www.w3.org/2001/XMLSchema-instance"
    xsi:schemaLocation="http://www.loc.gov/MARC21/slim http://www.loc.gov/standards/marcxml/schema/MARC21slim.xsd"
    xmlns="http://www.loc.gov/MARC21/slim">

  <leader>01598nam a22003737i 4500</leader>
  <controlfield tag="003">BO-EaUP</controlfield>
  <controlfield tag="005">20260507162150.0</controlfield>
  <controlfield tag="008">220930b2021    ck a||||r|||| 00| 0 spa d</controlfield>
  <datafield tag="020" ind1=" " ind2=" ">
    <subfield code="a">978-958-503-199-9</subfield>
  </datafield>
  <datafield tag="040" ind1=" " ind2=" ">
    <subfield code="a">BO-EaUP</subfield>
    <subfield code="c">Biblioteca admiempresas</subfield>
    <subfield code="d">BO-EaUP</subfield>
    <subfield code="e">RDA</subfield>
    <subfield code="b">spa</subfield>
  </datafield>
  <datafield tag="041" ind1=" " ind2=" ">
    <subfield code="a">spa</subfield>
    <subfield code="h">spa</subfield>
  </datafield>
  <datafield tag="043" ind1=" " ind2=" ">
    <subfield code="a">s-ck</subfield>
  </datafield>
  <datafield tag="082" ind1=" " ind2=" ">
    <subfield code="2">21</subfield>
    <subfield code="a">658.4</subfield>
  </datafield>
  <datafield tag="092" ind1=" " ind2=" ">
    <subfield code="a">658.4</subfield>
    <subfield code="S">P948i.3</subfield>
  </datafield>
  <datafield tag="100" ind1=" " ind2=" ">
    <subfield code="a">Prieto Herrera, Jorge Eli&#xE9;cer</subfield>
    <subfield code="e">Autor</subfield>
    <subfield code="9">23</subfield>
  </datafield>
  <datafield tag="245" ind1=" " ind2=" ">
    <subfield code="a">Investigaci&#xF3;n de Mercados /</subfield>
    <subfield code="c">Jorge Prieto H.  </subfield>
  </datafield>
  <datafield tag="250" ind1=" " ind2=" ">
    <subfield code="a">Tercera edici&#xF3;n</subfield>
  </datafield>
  <datafield tag="260" ind1=" " ind2=" ">
    <subfield code="a">Bogot&#xE1; ; </subfield>
    <subfield code="b">Ecoe Ediciones, </subfield>
    <subfield code="c">2021</subfield>
  </datafield>
  <datafield tag="300" ind1=" " ind2=" ">
    <subfield code="a">xix, 226 p&#xE1;ginas ;</subfield>
    <subfield code="b">ilustraciones, figuras, gr&#xE1;ficos ;</subfield>
    <subfield code="c">17 x 24 cent&#xED;metros.-- (Ciencias empresariales. Mercadeo y ventas) ;</subfield>
    <subfield code="f">impreso</subfield>
  </datafield>
  <datafield tag="336" ind1=" " ind2=" ">
    <subfield code="2">rdacontent</subfield>
    <subfield code="a">texto</subfield>
    <subfield code="b">txt</subfield>
  </datafield>
  <datafield tag="337" ind1=" " ind2=" ">
    <subfield code="2">rdamedia</subfield>
    <subfield code="a">no mediado</subfield>
    <subfield code="b">n</subfield>
  </datafield>
  <datafield tag="338" ind1=" " ind2=" ">
    <subfield code="2">rdacarrier</subfield>
    <subfield code="a">volumen</subfield>
    <subfield code="b">nc</subfield>
  </datafield>
  <datafield tag="505" ind1="2" ind2=" ">
    <subfield code="a">Cap&#xED;tulo 1. Comienza la investigaci&#xF3;n de mercados.- Objetivos.- Concepto de mercadeo.- Paradigmas del mercadeo.- </subfield>
  </datafield>
  <datafield tag="505" ind1="2" ind2=" ">
    <subfield code="a">Cap&#xED;tulo 2. &#xBF;C&#xF3;mo se hace una investigaci&#xF3;n de mercados?.- Aspectos determinantes.- Procesos de investigaci&#xF3;n de mercados.- </subfield>
  </datafield>
  <datafield tag="505" ind1="2" ind2=" ">
    <subfield code="a">Cap&#xED;tulo 3. Tendencias del marketing.- Objetivos.- Enfoques de Marketing digital.- Pasos para elaborar plan de marketing digital.-</subfield>
  </datafield>
  <datafield tag="546" ind1=" " ind2=" ">
    <subfield code="a">Traducido del libro en ingl&#xE9;s : "Exploring Marketing Research"</subfield>
  </datafield>
  <datafield tag="650" ind1=" " ind2=" ">
    <subfield code="a">MERCADEO</subfield>
    <subfield code="9">2010</subfield>
  </datafield>
  <datafield tag="650" ind1=" " ind2=" ">
    <subfield code="a">MARKETING</subfield>
    <subfield code="9">113</subfield>
  </datafield>
  <datafield tag="650" ind1=" " ind2=" ">
    <subfield code="a">ESTRATEGIAS DE MARKETING</subfield>
    <subfield code="9">6223</subfield>
  </datafield>
  <datafield tag="650" ind1=" " ind2=" ">
    <subfield code="a">INVESTIGACI&#xD3;NES</subfield>
    <subfield code="9">3693</subfield>
  </datafield>
  <datafield tag="653" ind1=" " ind2=" ">
    <subfield code="a">AN&#xC1;LISIS DE MERCADEO</subfield>
  </datafield>
  <datafield tag="653" ind1=" " ind2=" ">
    <subfield code="a">MERCADO Y VENTAS</subfield>
  </datafield>
  <datafield tag="942" ind1=" " ind2=" ">
    <subfield code="2">ddc</subfield>
    <subfield code="c">BK</subfield>
    <subfield code="n">0</subfield>
    <subfield code="e">21</subfield>
  </datafield>
  <datafield tag="999" ind1=" " ind2=" ">
    <subfield code="c">5521</subfield>
    <subfield code="d">5521</subfield>
  </datafield>
  <datafield tag="952" ind1=" " ind2=" ">
    <subfield code="0">0</subfield>
    <subfield code="1">0</subfield>
    <subfield code="2">ddc</subfield>
    <subfield code="4">0</subfield>
    <subfield code="7">0</subfield>
    <subfield code="8">EOO</subfield>
    <subfield code="a">BEAE</subfield>
    <subfield code="b">BEAE</subfield>
    <subfield code="c">AG</subfield>
    <subfield code="d">2026-05-07</subfield>
    <subfield code="e">compra</subfield>
    <subfield code="i">HBAEOA06-0596</subfield>
    <subfield code="l">0</subfield>
    <subfield code="o">658.4/P948i1.3</subfield>
    <subfield code="p">658.4/P948i1.3</subfield>
    <subfield code="r">2026-05-07 16:01:00</subfield>
    <subfield code="t">ej.1</subfield>
    <subfield code="y">BK</subfield>
  </datafield>
  <datafield tag="952" ind1=" " ind2=" ">
    <subfield code="0">0</subfield>
    <subfield code="1">0</subfield>
    <subfield code="2">ddc</subfield>
    <subfield code="4">0</subfield>
    <subfield code="7">0</subfield>
    <subfield code="8">EOO</subfield>
    <subfield code="a">BEAE</subfield>
    <subfield code="b">BEAE</subfield>
    <subfield code="c">AG</subfield>
    <subfield code="d">2026-05-07</subfield>
    <subfield code="e">compra</subfield>
    <subfield code="i">HBAEOA06-0597</subfield>
    <subfield code="l">0</subfield>
    <subfield code="o">658.4/P948i1.3</subfield>
    <subfield code="p">658.4/P948i2.3</subfield>
    <subfield code="r">2026-05-07 16:01:00</subfield>
    <subfield code="t">ej.2</subfield>
    <subfield code="y">BK</subfield>
  </datafield>
</record>
